00488nam a2200181 a 4500001001300000003000900013005001700022008004100039020002300080082001600103100001700119245004500136260004300181300000900224500003500233650002100268700001700289nice12345678IN_TiNIC20260116014312.0070508s2006 dela grp 000 0 eng  a8189762028 c10000a374.72bDAB aDabhi, Jimmy aSojourners in the Process of Empowerment aDelhi bIndian Social Institute c2006 a118p aincludes index and biblioraphy aSelf-Help Groups1 aDabhi, Jimmy